000
00299 a2200133 4500
000
nam a22 7a 4500
100
_a
Pillai, Biju
110
_a
Pillai, Biju
245
_a
Crime and Society
250
_a
Latest edition
260
_b
Oxford
_c
2024
264
_b
Oxford
_c
2024
942
_c
BK
999
_c
396187
_d
396187